000 00505nam a2200205Ia 4500
001 12449
003 GE_BSU
008 181216s||||||||xx |||||||||||||| ||und||
040 _cGE_BSU
080 _a631.1(075.4)
100 _aВильямс,В.Р.
245 _aОсновы земледелия
250 _a5-ое
260 _aМосква
260 _bСельхозгиз
260 _c1947
300 _a223стр.илл.20см.
653 _aОсновы земледелия
942 _cBK
999 _c45623
_d45623